| Tag |
First Indicator |
Second Indicator |
Subfields |
| LEADER |
00000cam a22000008a 4500 |
| 001 |
in00004457572 |
| 005 |
20211201094927.0 |
| 008 |
871204s1988 ilua b 00110 eng c |
| 010 |
|
|
|a 87035667
|
| 020 |
|
|
|a 0815105878
|
| 035 |
|
|
|a (OCoLC)17263798
|
| 035 |
|
|
|z (UtOrBLW)3120
|
| 035 |
|
|
|a 4720
|
| 040 |
|
|
|a DNLM/DLC
|c DLC
|d TMV
|d UtOrBLW
|
| 049 |
|
|
|a TMVM
|
| 060 |
|
0 |
|a WI 17
|b B386c 1988
|
| 100 |
1 |
|
|a Beaven, D. W.
|q (Donald Ward)
|
| 245 |
1 |
0 |
|a Colour atlas of the tongue in clinical diagnosis /
|c D.W. Beaven, S.E. Brooks.
|
| 246 |
3 |
|
|a Color atlas of the tongue in clinical diagnosis
|
| 264 |
|
1 |
|a [Chicago] :
|b Year Book Medical Publishers,
|c 1988.
|
| 300 |
|
|
|a 256 pages :
|b illustrations (mostly color) ;
|c 19 cm.
|
| 336 |
|
|
|a text
|2 rdacontent
|b txt
|
| 337 |
|
|
|a unmediated
|2 rdamedia
|
| 338 |
|
|
|a volume
|2 rdacarrier
|b nc
|
| 504 |
|
|
|a Includes bibliographies and index.
|
| 650 |
|
2 |
|a Tongue.
|
| 650 |
|
2 |
|a Tongue Diseases
|x diagnosis.
|
| 655 |
|
2 |
|a Atlas.
|
| 700 |
1 |
|
|a Brooks, S. E.
|q (Stafford Eric)
|
| 740 |
4 |
|
|a The tongue in clinical diagnosis.
|
| 999 |
|
|
|a MARS
|
| 999 |
f |
f |
|s ed27169a-d221-3c0e-9f46-4372226e844a
|i 33a75212-3735-3038-be39-43e2f59b1e48
|t 0
|
| 952 |
f |
f |
|p ric
|a Texas A&M University
|b Rellis Campus
|c Joint Library Facility
|d Remote Storage
|t 0
|e WI 17 B386c 1988
|h National Library of Medicine classification
|i unmediated -- volume
|m 3238900820844
|
| 998 |
f |
f |
|a WI 17 B386c 1988
|t 0
|l Remote Storage
|